[Event "World Chess Olympiad 2018"]
[Site "Batumi"]
[Date "2018.10.02"]
[Round "8"]
[Board "2"]
[WhiteFideId "3609677"]
[White "Barros Rivadeneira Cristhian"]
[BlackFideId "9910760"]
[Black "Doluweera Minul Sanjula"]
[Result "1-0"]
[LiveChessVersion "1.4.8"]
[BlackElo "2171"]
[WhiteElo "2345"]

1. e4 {[%clk 1:30:55]} c5 {[%clk 1:30:43]} 2. Nf3 {[%clk 1:31:08]} d6
{[%clk 1:31:08]} 3. d4 {[%clk 1:31:21]} cxd4 {[%clk 1:31:33]} 4. Nxd4
{[%clk 1:31:43]} Nf6 {[%clk 1:31:58]} 5. f3 {[%clk 1:31:42]} g6 {[%clk 1:15:28]}
6. c4 {[%clk 1:31:19]} Bg7 {[%clk 1:15:54]} 7. Nc3 {[%clk 1:31:34]} O-O
{[%clk 1:16:19]} 8. Be3 {[%clk 1:31:47]} Nc6 {[%clk 1:16:44]} 9. Qd2
{[%clk 1:26:10]} Bd7 {[%clk 1:17:08]} 10. Be2 {[%clk 1:23:18]} Nxd4
{[%clk 1:16:35]} 11. Bxd4 {[%clk 1:23:41]} a5 {[%clk 1:16:54]} 12. b3
{[%clk 1:23:15]} Bc6 {[%clk 1:17:09]} 13. O-O {[%clk 1:22:36]} Nd7
{[%clk 1:17:34]} 14. Be3 {[%clk 1:23:02]} Nc5 {[%clk 1:17:55]} 15. Rab1
{[%clk 1:23:13]} Qb6 {[%clk 1:17:17]} 16. Rfc1 {[%clk 1:23:26]} Rfc8
{[%clk 1:17:40]} 17. Rc2 {[%clk 1:23:37]} Qb4 {[%clk 1:17:17]} 18. Qc1
{[%clk 1:23:25]} Qb6 {[%clk 0:59:35]} 19. Bf1 {[%clk 1:21:49]} Qd8
{[%clk 0:54:15]} 20. Qd2 {[%clk 1:18:14]} Be5 {[%clk 0:47:52]} 21. Re1
{[%clk 1:17:25]} Qf8 {[%clk 0:45:29]} 22. Nb5 {[%clk 1:08:57]} Ne6
{[%clk 0:27:25]} 23. Nc3 {[%clk 0:58:37]} Qg7 {[%clk 0:19:30]} 24. Rd1
{[%clk 0:58:31]} Qf6 {[%clk 0:15:22]} 25. Nd5 {[%clk 0:57:25]} Bxd5
{[%clk 0:15:27]} 26. exd5 {[%clk 0:57:50]} Ng7 {[%clk 0:08:27]} 27. f4
{[%clk 0:51:20]} Ba1 {[%clk 0:08:45]} 28. g4 {[%clk 0:51:42]} Ne8
{[%clk 0:03:21]} 29. Qc1 {[%clk 0:50:40]} a4 {[%clk 0:03:24]} 30. b4
{[%clk 0:47:41]} Nc7 {[%clk 0:02:20]} 31. Qxa1 {[%clk 0:48:03]} 1-0

[Event "World Chess Olympiad 2018"]
[Site "Batumi"]
[Date "2018.10.02"]
[Round "8"]
[Board "3"]
[WhiteFideId "9900993"]
[White "Alahakoon Isuru"]
[BlackFideId "3618471"]
[Black "Noboa Kevin"]
[Result "0-1"]
[LiveChessVersion "1.4.8"]
[BlackElo "2256"]
[WhiteElo "2121"]

1. d4 {[%clk 1:30:50]} e6 {[%clk 1:30:47]} 2. Nf3 {[%clk 1:31:02]} Nf6
{[%clk 1:31:05]} 3. Bf4 {[%clk 1:30:54]} b6 {[%clk 1:30:49]} 4. e3
{[%clk 1:29:32]} Bb7 {[%clk 1:31:09]} 5. Nbd2 {[%clk 1:29:13]} c5
{[%clk 1:31:08]} 6. Nc4 {[%clk 1:27:13]} d5 {[%clk 1:25:46]} 7. Nce5
{[%clk 1:27:09]} Nfd7 {[%clk 1:22:44]} 8. Bb5 {[%clk 1:11:52]} Ke7
{[%clk 0:59:58]} 9. Ng5 {[%clk 1:00:24]} Nxe5 {[%clk 0:58:03]} 10. dxe5
{[%clk 1:00:45]} Nc6 {[%clk 0:49:52]} 11. Qh5 {[%clk 0:57:05]} Qe8
{[%clk 0:47:40]} 12. O-O-O {[%clk 0:53:01]} f6 {[%clk 0:40:19]} 13. Qxe8+
{[%clk 0:47:46]} Rxe8 {[%clk 0:40:38]} 14. Nf3 {[%clk 0:48:09]} Kf7
{[%clk 0:37:46]} 15. c4 {[%clk 0:47:52]} a6 {[%clk 0:36:29]} 16. Ba4
{[%clk 0:47:49]} b5 {[%clk 0:35:31]} 17. cxb5 {[%clk 0:45:48]} axb5
{[%clk 0:35:12]} 18. Bxb5 {[%clk 0:43:27]} Be7 {[%clk 0:35:28]} 19. Rhe1
{[%clk 0:34:43]} Ra8 {[%clk 0:35:30]} 20. Kb1 {[%clk 0:32:27]} Rhd8
{[%clk 0:35:13]} 21. exf6 {[%clk 0:31:27]} gxf6 {[%clk 0:35:31]} 22. Bc7
{[%clk 0:27:43]} Rdc8 {[%clk 0:34:33]} 23. Bb6 {[%clk 0:25:00]} Ba6
{[%clk 0:32:36]} 24. Ba4 {[%clk 0:21:46]} Nb4 {[%clk 0:29:33]} 25. Bc2
{[%clk 0:16:22]} Bc4 {[%clk 0:27:29]} 26. a4 {[%clk 0:15:30]} Ba2+
{[%clk 0:24:13]} 27. Kc1 {[%clk 0:15:32]} Nxc2 {[%clk 0:24:39]} 28. Kxc2
{[%clk 0:15:58]} Rxa4 {[%clk 0:24:58]} 29. Ra1 {[%clk 0:11:00]} Rc6
{[%clk 0:23:31]} 30. b3 {[%clk 0:11:17]} Bxb3+ {[%clk 0:23:54]} 31. Kxb3
{[%clk 0:11:41]} Rb4+ {[%clk 0:24:15]} 32. Kc2 {[%clk 0:11:53]} Rcxb6
{[%clk 0:24:39]} 33. Ra2 {[%clk 0:09:25]} e5 {[%clk 0:24:25]} 34. Nd2
{[%clk 0:08:38]} c4 {[%clk 0:22:49]} 35. Ra7 {[%clk 0:06:45]} Rb2+
{[%clk 0:22:19]} 36. Kc3 {[%clk 0:05:41]} Ke6 {[%clk 0:22:20]} 37. Rea1
{[%clk 0:03:54]} f5 {[%clk 0:21:14]} 38. R1a6 {[%clk 0:03:09]} e4
{[%clk 0:20:01]} 39. Rxb6+ {[%clk 0:02:36]} Rxb6 {[%clk 0:20:29]} 40. Kc2
{[%clk 0:32:15]} Bf6 {[%clk 0:50:08]} 41. Ra2 {[%clk 0:31:25]} Kd6
{[%clk 0:48:32]} 42. g3 {[%clk 0:29:00]} h5 {[%clk 0:47:17]} 43. Nb1
{[%clk 0:28:17]} d4 {[%clk 0:46:23]} 44. exd4 {[%clk 0:28:06]} Bxd4
{[%clk 0:46:52]} 45. Nd2 {[%clk 0:28:26]} Rb4 {[%clk 0:44:45]} 46. Ra5
{[%clk 0:26:05]} Ke6 {[%clk 0:44:44]} 47. Ra6+ {[%clk 0:26:12]} Ke7
{[%clk 0:44:54]} 48. Ra2 {[%clk 0:19:14]} Kf6 {[%clk 0:44:42]} 49. Ra6+
{[%clk 0:19:14]} Kg5 {[%clk 0:43:47]} 50. f3 {[%clk 0:16:49]} Rb2+
{[%clk 0:40:52]} 51. Kc1 {[%clk 0:17:03]} Rb6 {[%clk 0:39:47]} 52. Rxb6
{[%clk 0:12:32]} Bxb6 {[%clk 0:38:27]} 53. h4+ {[%clk 0:10:00]} Kf6
{[%clk 0:34:20]} 54. fxe4 {[%clk 0:10:15]} Be3 {[%clk 0:34:38]} 0-1

[Event "World Chess Olympiad 2018"]
[Site "Batumi"]
[Date "2018.10.02"]
[Round "8"]
[Board "4"]
[WhiteFideId "3600629"]
[White "Munoz Sanchez Jhon"]
[BlackFideId "9901302"]
[Black "Kavinda Akila"]
[Result "1-0"]
[LiveChessVersion "1.4.8"]
[BlackElo "2047"]
[WhiteElo "2230"]

1. d4 {[%clk 1:30:57]} Nf6 {[%clk 1:30:55]} 2. c4 {[%clk 1:30:56]} g6
{[%clk 1:31:21]} 3. Nf3 {[%clk 1:31:19]} Bg7 {[%clk 1:31:39]} 4. g3
{[%clk 1:31:42]} d5 {[%clk 1:29:11]} 5. cxd5 {[%clk 1:32:06]} Nxd5
{[%clk 1:29:36]} 6. Bg2 {[%clk 1:32:22]} Nb6 {[%clk 1:28:51]} 7. Nc3
{[%clk 1:21:45]} O-O {[%clk 1:18:16]} 8. O-O {[%clk 1:21:55]} Nc6
{[%clk 1:18:34]} 9. d5 {[%clk 1:18:31]} Na5 {[%clk 1:14:49]} 10. e4
{[%clk 1:10:59]} c6 {[%clk 1:07:07]} 11. Bg5 {[%clk 0:42:41]} h6 {[%clk 0:53:41]}
12. Be3 {[%clk 0:42:58]} Nac4 {[%clk 0:47:43]} 13. Bd4 {[%clk 0:41:28]} Nxb2
{[%clk 0:41:10]} 14. Qb3 {[%clk 0:41:22]} Bxd4 {[%clk 0:27:08]} 15. Nxd4
{[%clk 0:41:39]} e5 {[%clk 0:23:34]} 16. Nxc6 {[%clk 0:33:56]} bxc6
{[%clk 0:22:15]} 17. Qxb2 {[%clk 0:34:25]} cxd5 {[%clk 0:11:50]} 18. Nxd5
{[%clk 0:30:39]} Nxd5 {[%clk 0:11:47]} 19. exd5 {[%clk 0:31:08]} Qd6
{[%clk 0:08:59]} 20. Rfe1 {[%clk 0:31:16]} f6 {[%clk 0:08:21]} 21. Rac1
{[%clk 0:29:50]} Bd7 {[%clk 0:06:30]} 22. Qc2 {[%clk 0:21:43]} Kf7
{[%clk 0:06:25]} 23. Qd2 {[%clk 0:18:51]} Kg7 {[%clk 0:06:35]} 24. Qa5
{[%clk 0:16:52]} Rf7 {[%clk 0:00:40]} 25. Rc7 {[%clk 0:16:29]} f5
{[%clk 0:01:05]} 26. Qc3 {[%clk 0:15:41]} Re8 {[%clk 0:00:44]} 27. f4
{[%clk 0:13:55]} Qb6+ {[%clk 0:00:43]} 28. Kh1 {[%clk 0:13:58]} Be6
{[%clk 0:00:32]} 29. Rc6 {[%clk 0:12:43]} Qf2 {[%clk 0:00:38]} 30. Qxe5+
{[%clk 0:12:05]} Kg8 {[%clk 0:00:38]} 31. Rxe6 {[%clk 0:12:13]} Rxe6
{[%clk 0:00:55]} 32. dxe6 {[%clk 0:12:23]} Re7 {[%clk 0:01:16]} 33. Rc1
{[%clk 0:12:00]} Kh7 {[%clk 0:01:03]} 34. Rc8 {[%clk 0:11:25]} Rg7
{[%clk 0:01:25]} 35. e7 {[%clk 0:11:09]} Qxa2 {[%clk 0:01:22]} 36. h3
{[%clk 0:10:39]} 1-0

[Event "World Chess Olympiad 2018"]
[Site "Batumi"]
[Date "2018.10.02"]
[Round "8"]
[Board "1"]
[WhiteFideId "8700281"]
[White "Kayonde Andrew"]
[BlackFideId "7400330"]
[Black "Lorne Ras Malaku"]
[Result "1-0"]
[LiveChessVersion "1.4.8"]
[BlackElo "2161"]
[WhiteElo "2393"]

1. d4 {[%clk 1:29:55]} Nf6 {[%clk 1:30:39]} 2. c4 {[%clk 1:30:05]} e6
{[%clk 1:30:49]} 3. Nc3 {[%clk 1:30:28]} Bb4 {[%clk 1:31:00]} 4. e3
{[%clk 1:30:52]} O-O {[%clk 1:30:52]} 5. Nge2 {[%clk 1:31:16]} d5
{[%clk 1:31:02]} 6. a3 {[%clk 1:31:39]} Be7 {[%clk 1:31:17]} 7. cxd5
{[%clk 1:31:56]} exd5 {[%clk 1:31:32]} 8. Nf4 {[%clk 1:32:18]} Re8
{[%clk 1:31:31]} 9. Bd3 {[%clk 1:32:34]} c6 {[%clk 1:31:40]} 10. O-O
{[%clk 1:32:56]} Nbd7 {[%clk 1:31:58]} 11. f3 {[%clk 1:30:33]} Nf8
{[%clk 1:31:48]} 12. Kh1 {[%clk 1:26:22]} Bd6 {[%clk 1:30:44]} 13. Bc2
{[%clk 1:24:17]} Ne6 {[%clk 1:17:06]} 14. Nxe6 {[%clk 1:20:45]} Bxe6
{[%clk 0:42:20]} 15. e4 {[%clk 1:20:38]} dxe4 {[%clk 0:42:21]} 16. fxe4
{[%clk 1:21:06]} Ng4 {[%clk 0:42:13]} 17. e5 {[%clk 1:21:24]} Qh4
{[%clk 0:39:47]} 18. Bf4 {[%clk 1:21:45]} Bc7 {[%clk 0:37:13]} 19. Ne4
{[%clk 1:21:17]} f5 {[%clk 0:33:10]} 20. Ng5 {[%clk 1:18:34]} Nf2+
{[%clk 0:16:50]} 21. Rxf2 {[%clk 1:18:52]} Qxf2 {[%clk 0:17:15]} 22. Bg3
{[%clk 1:18:58]} Qe3 {[%clk 0:17:29]} 23. Qh5 {[%clk 1:19:20]} h6
{[%clk 0:02:18]} 24. Nxe6 {[%clk 1:19:31]} Rxe6 {[%clk 0:02:39]} 25. Qxf5
{[%clk 1:19:53]} Rae8 {[%clk 0:02:23]} 26. Rf1 {[%clk 1:17:07]} g6
{[%clk 0:02:43]} 27. Qf7+ {[%clk 1:17:27]} Kh8 {[%clk 0:03:12]} 28. Bxg6
{[%clk 1:16:53]} R6e7 {[%clk 0:03:26]} 29. Qf6+ {[%clk 1:17:11]} Kg8
{[%clk 0:03:12]} 30. Bf7+ {[%clk 1:16:11]} Kh7 {[%clk 0:03:26]} 31. Qg6+
{[%clk 1:16:34]} 1-0

[Event "World Chess Olympiad 2018"]
[Site "Batumi"]
[Date "2018.10.02"]
[Round "8"]
[Board "2"]
[WhiteFideId "7400268"]
[White "Rowe Duane"]
[BlackFideId "8700680"]
[Black "Munenga Douglas D"]
[Result "0-1"]
[LiveChessVersion "1.4.8"]
[BlackElo "2273"]
[WhiteElo "2147"]

1. e4 {[%clk 1:30:58]} c5 {[%clk 1:26:54]} 2. d4 {[%clk 1:31:21]} cxd4
{[%clk 1:27:14]} 3. c3 {[%clk 1:31:47]} d3 {[%clk 1:25:04]} 4. Bxd3
{[%clk 1:32:10]} Nc6 {[%clk 1:25:28]} 5. c4 {[%clk 1:32:34]} Nf6 {[%clk 1:24:47]}
6. Nc3 {[%clk 1:32:35]} d6 {[%clk 1:25:10]} 7. h3 {[%clk 1:32:04]} g6
{[%clk 1:24:02]} 8. Be3 {[%clk 1:32:25]} Bg7 {[%clk 1:24:23]} 9. Rc1
{[%clk 1:32:51]} O-O {[%clk 1:24:20]} 10. Nge2 {[%clk 1:30:37]} Ne5
{[%clk 1:13:36]} 11. b3 {[%clk 1:29:54]} Nxd3+ {[%clk 1:13:23]} 12. Qxd3
{[%clk 1:30:19]} Bd7 {[%clk 1:13:50]} 13. O-O {[%clk 1:30:41]} Bc6
{[%clk 1:13:55]} 14. Rfd1 {[%clk 1:30:34]} Qa5 {[%clk 0:52:24]} 15. Nd4
{[%clk 1:29:24]} Qe5 {[%clk 0:42:13]} 16. f4 {[%clk 1:02:04]} Qa5
{[%clk 0:40:53]} 17. Nxc6 {[%clk 0:59:21]} bxc6 {[%clk 0:41:18]} 18. c5
{[%clk 0:58:40]} Rad8 {[%clk 0:41:12]} 19. cxd6 {[%clk 0:57:57]} exd6
{[%clk 0:41:37]} 20. Na4 {[%clk 0:52:17]} Rfe8 {[%clk 0:41:08]} 21. Rxc6
{[%clk 0:48:27]} Nxe4 {[%clk 0:41:18]} 22. Ra6 {[%clk 0:48:25]} Qh5
{[%clk 0:32:53]} 23. Rxa7 {[%clk 0:24:39]} Ng3 {[%clk 0:28:20]} 24. Rd2
{[%clk 0:24:04]} Rc8 {[%clk 0:24:22]} 25. Kh2 {[%clk 0:23:58]} Rxe3
{[%clk 0:24:40]} 26. Qa6 {[%clk 0:23:04]} Rf8 {[%clk 0:23:47]} 27. Nb6
{[%clk 0:15:59]} Qh4 {[%clk 0:22:18]} 28. Rd1 {[%clk 0:14:26]} Ne2
{[%clk 0:22:03]} 0-1

[Event "World Chess Olympiad 2018"]
[Site "Batumi"]
[Date "2018.10.02"]
[Round "8"]
[Board "3"]
[WhiteFideId "8701709"]
[White "Kaulule Siame Kela"]
[BlackFideId "7400713"]
[Black "Smith Shreyas"]
[Result "1-0"]
[LiveChessVersion "1.4.8"]
[BlackElo "2193"]
[WhiteElo "2160"]

1. d4 {[%clk 1:30:58]} Nf6 {[%clk 1:30:51]} 2. Bg5 {[%clk 1:30:58]} Ne4
{[%clk 1:31:02]} 3. Bf4 {[%clk 1:31:20]} d5 {[%clk 1:31:27]} 4. f3
{[%clk 1:30:57]} Nf6 {[%clk 1:31:48]} 5. Nc3 {[%clk 1:25:09]} e6 {[%clk 1:31:50]}
6. e4 {[%clk 1:25:01]} Bb4 {[%clk 1:32:13]} 7. e5 {[%clk 1:25:00]} Nfd7
{[%clk 1:32:36]} 8. Be3 {[%clk 1:25:15]} c5 {[%clk 1:32:34]} 9. f4
{[%clk 1:24:34]} cxd4 {[%clk 1:29:04]} 10. Qxd4 {[%clk 1:24:11]} Nc6
{[%clk 1:29:19]} 11. Qd2 {[%clk 1:24:40]} Ndxe5 {[%clk 1:24:03]} 12. fxe5
{[%clk 1:25:07]} d4 {[%clk 1:24:20]} 13. O-O-O {[%clk 1:25:12]} dxc3
{[%clk 1:23:49]} 14. Qxd8+ {[%clk 1:23:14]} Nxd8 {[%clk 1:24:09]} 15. Bb5+
{[%clk 1:22:20]} Nc6 {[%clk 1:24:02]} 16. Bxc6+ {[%clk 1:20:09]} bxc6
{[%clk 1:24:24]} 17. b3 {[%clk 1:20:27]} Ba6 {[%clk 1:17:25]} 18. Nf3
{[%clk 1:19:37]} c5 {[%clk 1:15:59]} 19. Kb1 {[%clk 1:16:47]} Bb7
{[%clk 1:01:07]} 20. Bc1 {[%clk 1:02:49]} Ke7 {[%clk 0:57:28]} 21. Rde1
{[%clk 1:02:17]} h6 {[%clk 0:56:57]} 22. a3 {[%clk 0:59:13]} Ba5 {[%clk 0:57:19]}
23. Re3 {[%clk 0:59:33]} Rhd8 {[%clk 0:56:01]} 24. Rhe1 {[%clk 0:59:43]} Rd7
{[%clk 0:55:25]} 25. Ng1 {[%clk 0:59:46]} Rad8 {[%clk 0:48:29]} 26. Ne2
{[%clk 0:50:00]} Rd1 {[%clk 0:46:21]} 27. Rxd1 {[%clk 0:45:09]} Rxd1
{[%clk 0:46:41]} 28. Nxc3 {[%clk 0:44:53]} Rh1 {[%clk 0:47:01]} 29. g3
{[%clk 0:43:05]} Rxh2 {[%clk 0:47:00]} 30. Na4 {[%clk 0:41:28]} Bb6
{[%clk 0:32:28]} 31. Rc3 {[%clk 0:39:51]} Be4 {[%clk 0:18:57]} 32. Be3
{[%clk 0:30:01]} Re2 {[%clk 0:16:07]} 33. Bxc5+ {[%clk 0:27:37]} Bxc5
{[%clk 0:16:32]} 34. Rxc5 {[%clk 0:26:40]} Bg6 {[%clk 0:16:56]} 35. b4
{[%clk 0:18:56]} Re3 {[%clk 0:15:09]} 36. Kb2 {[%clk 0:17:50]} Rxg3
{[%clk 0:15:19]} 37. b5 {[%clk 0:18:07]} Rg2 {[%clk 0:10:52]} 38. b6
{[%clk 0:17:00]} axb6 {[%clk 0:11:15]} 39. Nxb6 {[%clk 0:17:28]} Rd2
{[%clk 0:11:27]} 40. a4 {[%clk 0:42:30]} Rd8 {[%clk 0:41:25]} 41. Rc7+
{[%clk 0:40:57]} Ke8 {[%clk 0:41:37]} 42. Rc4 {[%clk 0:41:23]} Bh5
{[%clk 0:40:52]} 43. a5 {[%clk 0:38:21]} Be2 {[%clk 0:41:11]} 44. Rc7
{[%clk 0:38:37]} h5 {[%clk 0:40:40]} 45. Nc8 {[%clk 0:38:52]} f6 {[%clk 0:30:42]}
46. Nb6 {[%clk 0:35:25]} f5 {[%clk 0:28:01]} 47. c4 {[%clk 0:32:31]} f4
{[%clk 0:25:36]} 48. a6 {[%clk 0:30:49]} f3 {[%clk 0:25:46]} 49. a7
{[%clk 0:24:13]} f2 {[%clk 0:26:05]} 50. Rd7 {[%clk 0:22:36]} Ra8
{[%clk 0:22:28]} 51. Nxa8 {[%clk 0:20:32]} f1=Q {[%clk 0:22:49]} 52. Nb6
{[%clk 0:11:27]} Bf3 {[%clk 0:22:51]} 53. Rd5 {[%clk 0:11:09]} Bxd5
{[%clk 0:21:51]} 54. cxd5 {[%clk 0:10:25]} Qb5+ {[%clk 0:14:30]} 55. Kc2
{[%clk 0:09:18]} Qc5+ {[%clk 0:14:50]} 56. Kd1 {[%clk 0:09:06]} Qd4+
{[%clk 0:14:19]} 57. Kc2 {[%clk 0:08:55]} Qe4+ {[%clk 0:12:25]} 58. Kc1
{[%clk 0:06:34]} Qe1+ {[%clk 0:09:24]} 59. Kc2 {[%clk 0:06:51]} Qa5
{[%clk 0:08:08]} 60. a8=Q+ {[%clk 0:06:47]} Qxa8 61. Nxa8 {[%clk 0:07:10]} h4
{[%clk 0:08:48]} 62. Nc7+ {[%clk 0:07:05]} Ke7 {[%clk 0:09:06]} 63. Nxe6
{[%clk 0:07:20]} h3 {[%clk 0:09:10]} 64. Nxg7 {[%clk 0:07:41]} 1-0

[Event "World Chess Olympiad 2018"]
[Site "Batumi"]
[Date "2018.10.02"]
[Round "8"]
[Board "4"]
[WhiteFideId "7402074"]
[White "Christie Joshua"]
[BlackFideId "8701776"]
[Black "Mulenga Prince Daniel"]
[Result "0-1"]
[LiveChessVersion "1.4.8"]
[BlackElo "2237"]
[WhiteElo "2198"]

1. d4 {[%clk 1:30:53]} Nf6 {[%clk 1:30:40]} 2. c4 {[%clk 1:31:18]} e6
{[%clk 1:30:26]} 3. Nc3 {[%clk 1:31:23]} Bb4 {[%clk 1:30:48]} 4. e3
{[%clk 1:30:23]} O-O {[%clk 1:29:00]} 5. Nge2 {[%clk 1:29:47]} Re8
{[%clk 1:28:14]} 6. a3 {[%clk 1:29:33]} Bf8 {[%clk 1:28:37]} 7. Ng3
{[%clk 1:25:23]} d5 {[%clk 1:27:18]} 8. Bd3 {[%clk 1:24:00]} Nbd7
{[%clk 1:24:44]} 9. O-O {[%clk 1:22:57]} c5 {[%clk 1:24:04]} 10. cxd5
{[%clk 1:16:42]} exd5 {[%clk 1:23:50]} 11. dxc5 {[%clk 1:13:20]} Nxc5
{[%clk 1:24:15]} 12. Bb5 {[%clk 1:13:29]} Bg4 {[%clk 1:17:30]} 13. Qc2
{[%clk 1:05:40]} Re7 {[%clk 1:12:10]} 14. h3 {[%clk 1:00:45]} Be6
{[%clk 1:11:29]} 15. Rd1 {[%clk 0:47:18]} Rc8 {[%clk 1:08:28]} 16. Nf5
{[%clk 0:39:12]} Rec7 {[%clk 1:08:19]} 17. Nd4 {[%clk 0:39:11]} Nce4
{[%clk 1:05:10]} 18. Bd2 {[%clk 0:37:46]} Nxc3 {[%clk 1:00:34]} 19. Bxc3
{[%clk 0:34:22]} Ne4 {[%clk 1:00:58]} 20. Bd3 {[%clk 0:25:17]} Nxc3
{[%clk 1:00:23]} 21. Bxh7+ {[%clk 0:19:12]} Kh8 {[%clk 0:58:23]} 22. Nxe6
{[%clk 0:12:58]} fxe6 {[%clk 0:58:51]} 23. bxc3 {[%clk 0:13:13]} Rxc3
{[%clk 0:55:34]} 24. Qg6 {[%clk 0:11:45]} Qh4 {[%clk 0:50:05]} 25. Bg8
{[%clk 0:08:07]} Kxg8 {[%clk 0:49:02]} 26. Qxe6+ {[%clk 0:08:36]} Kh8
{[%clk 0:49:23]} 27. Rxd5 {[%clk 0:08:17]} Qh6 {[%clk 0:40:31]} 28. Qg4
{[%clk 0:06:46]} Kg8 {[%clk 0:36:20]} 29. Rad1 {[%clk 0:05:28]} Rc1
{[%clk 0:36:12]} 30. Kh2 {[%clk 0:03:31]} Rxd1 {[%clk 0:35:29]} 31. Qxd1
{[%clk 0:04:00]} Qe6 {[%clk 0:34:28]} 32. Rd7 {[%clk 0:02:52]} Rc7
{[%clk 0:34:11]} 33. Rd8 {[%clk 0:02:44]} Rf7 {[%clk 0:34:28]} 34. Kg1
{[%clk 0:02:29]} b5 {[%clk 0:34:18]} 35. Qd4 {[%clk 0:01:31]} Qa2
{[%clk 0:33:21]} 36. e4 {[%clk 0:00:48]} Qxa3 {[%clk 0:33:32]} 37. e5
{[%clk 0:00:42]} Qc1+ {[%clk 0:33:34]} 38. Kh2 {[%clk 0:00:52]} Qf4+
{[%clk 0:34:02]} 39. Qxf4 {[%clk 0:01:04]} Rxf4 {[%clk 0:34:31]} 40. Kg3
{[%clk 0:30:46]} Re4 {[%clk 1:05:00]} 41. f4 {[%clk 0:30:52]} b4 {[%clk 1:02:49]}
42. Kf3 {[%clk 0:31:20]} Rc4 {[%clk 1:01:59]} 43. e6 {[%clk 0:31:31]} Rc7
{[%clk 1:02:27]} 44. Rb8 {[%clk 0:31:21]} a5 {[%clk 1:02:27]} 45. f5
{[%clk 0:31:13]} a4 {[%clk 1:02:08]} 46. g4 {[%clk 0:31:13]} a3 {[%clk 0:59:31]}
47. g5 {[%clk 0:30:38]} a2 {[%clk 0:59:48]} 48. Ra8 {[%clk 0:30:52]} Rc3+
{[%clk 0:59:51]} 49. Kg4 {[%clk 0:28:38]} Ra3 {[%clk 0:59:56]} 50. Rd8
{[%clk 0:26:12]} a1=Q {[%clk 0:57:50]} 51. e7 {[%clk 0:25:25]} Qg1+
{[%clk 0:57:54]} 52. Kh5 {[%clk 0:24:20]} Rxh3+ {[%clk 0:58:19]} 53. Kg6
{[%clk 0:24:45]} Rh6# {[%clk 0:58:48]} 0-1

[Event "World Chess Olympiad 2018"]
[Site "Batumi"]
[Date "2018.10.02"]
[Round "8"]
[Board "1"]
[WhiteFideId "11000120"]
[White "Makoto Rodwell"]
[BlackFideId "3507416"]
[Black "Bacallao Alonso Yusnel"]
[Result "1/2-1/2"]
[LiveChessVersion "1.4.8"]
[BlackElo "2588"]
[WhiteElo "2338"]

1. Nf3 {[%clk 1:30:50]} Nf6 {[%clk 1:30:54]} 2. c4 {[%clk 1:31:15]} e6
{[%clk 1:31:20]} 3. g3 {[%clk 1:31:40]} d5 {[%clk 1:31:45]} 4. Bg2
{[%clk 1:32:00]} dxc4 {[%clk 1:32:09]} 5. Qa4+ {[%clk 1:32:12]} Bd7
{[%clk 1:32:28]} 6. Qxc4 {[%clk 1:32:30]} c5 {[%clk 1:32:54]} 7. d4
{[%clk 1:31:23]} Qb6 {[%clk 1:26:04]} 8. Nc3 {[%clk 1:27:01]} Bc6
{[%clk 1:15:57]} 9. O-O {[%clk 1:19:33]} Nbd7 {[%clk 1:16:20]} 10. Rd1
{[%clk 1:05:32]} Rd8 {[%clk 1:12:42]} 11. a3 {[%clk 0:59:11]} Be7
{[%clk 1:05:45]} 12. Be3 {[%clk 0:50:23]} O-O {[%clk 0:48:07]} 13. b4
{[%clk 0:49:20]} cxb4 {[%clk 0:36:24]} 14. d5 {[%clk 0:47:42]} exd5
{[%clk 0:36:45]} 15. Bxb6 {[%clk 0:42:54]} dxc4 {[%clk 0:37:09]} 16. Bxd8
{[%clk 0:42:58]} Rxd8 {[%clk 0:37:30]} 17. axb4 {[%clk 0:41:06]} Bxb4
{[%clk 0:37:53]} 18. Rdc1 {[%clk 0:36:54]} Bc5 {[%clk 0:35:01]} 19. Nd2
{[%clk 0:35:25]} Bxg2 {[%clk 0:31:31]} 20. Kxg2 {[%clk 0:35:26]} Ne5
{[%clk 0:31:03]} 21. Ra5 {[%clk 0:19:53]} Bd4 {[%clk 0:26:01]} 22. Nb5
{[%clk 0:17:28]} Bxf2 {[%clk 0:14:13]} 23. Nxc4 {[%clk 0:10:10]} Nxc4
{[%clk 0:14:37]} 24. Rxc4 {[%clk 0:10:35]} Bb6 {[%clk 0:14:59]} 25. Ra2
{[%clk 0:11:00]} h5 {[%clk 0:10:07]} 26. Nxa7 {[%clk 0:10:15]} Rd1
{[%clk 0:10:31]} 27. h3 {[%clk 0:05:59]} Nd5 {[%clk 0:10:30]} 28. Rc8+
{[%clk 0:05:05]} Kh7 {[%clk 0:10:54]} 29. e4 {[%clk 0:04:26]} Ne3+
{[%clk 0:07:52]} 30. Kh2 {[%clk 0:04:26]} h4 {[%clk 0:07:14]} 31. gxh4
{[%clk 0:03:35]} Bd4 {[%clk 0:07:37]} 32. Re8 {[%clk 0:02:31]} f6
{[%clk 0:07:44]} 33. Kg3 {[%clk 0:01:38]} Rg1+ {[%clk 0:05:06]} 34. Kf3
{[%clk 0:01:21]} Nc4 {[%clk 0:05:29]} 35. Nb5 {[%clk 0:00:48]} Ne5+
{[%clk 0:04:52]} 36. Kf4 {[%clk 0:00:39]} Rf1+ {[%clk 0:04:54]} 37. Kg3
{[%clk 0:01:04]} Be3 {[%clk 0:05:17]} 38. Nd6 {[%clk 0:00:31]} Rg1+
{[%clk 0:01:51]} 39. Rg2 {[%clk 0:00:59]} Rf1 {[%clk 0:02:12]} 40. Rc2
{[%clk 0:30:37]} Rg1+ {[%clk 0:32:15]} 41. Rg2 {[%clk 0:30:53]} Rf1
{[%clk 0:17:07]} 42. Rc2 {[%clk 0:29:54]} Rg1+ {[%clk 0:15:56]} 43. Rg2
{[%clk 0:29:56]} Rf1 {[%clk 0:11:38]} 1/2-1/2